000 00498nam a2200193 i 4500
001 29096
003 ES-MaACL
005 20230906153956.0
007 t|
008 030121s1960 sp ||||1| spa d
100 1 _aBarberá, Carmen.
_925414
245 1 4 _aLas esquinas del alma /
_cCarmen Barberá.
260 _aBarcelona :
_bCaralt,
_c[1960]
300 _a226 p. ;
_c24 cm.
490 1 _aGigante
830 0 _aGigante
_9181050
852 _aES-MaACL
_jC-19100
_bR.47206
999 _c29096
_d29096